| 000 | 00786cam a22002531 4500 | ||
|---|---|---|---|
| 001 | sa 67004092 | ||
| 003 | DLC | ||
| 005 | 20260227112344.0 | ||
| 008 | 840515m19679999ii 000 0 eng | ||
| 010 | _asa 67004092 | ||
| 025 | _aPL480:I-E-8239 | ||
| 035 | _a(OCoLC)10734008 | ||
| 040 |
_aDLC _cAMAU _dDLC |
||
| 042 | _apremarc | ||
| 050 | 0 | 0 | _aLAW <India 6 Roy> |
| 082 | _a340 | ||
| 100 | 1 | _aRoy, Ajit Gopal. | |
| 245 | 1 | 4 |
_aThe labour law digest, 1950-1966. _cEditors: Ajit Gopal Roy [and] Ram Mohan Singh. |
| 260 |
_aAllahabad, _bAshoka Law House _c[1967- |
||
| 300 |
_a v. _c26 cm. |
||
| 505 | 1 | _av. 1. Abandonment of employment to Industrial disputes act (sec. 9) | |
| 650 | 0 |
_aLabor laws and legislation _zIndia _vDigests. |
|
| 700 | 1 |
_aSingh, Ram Mohan, _ejoint author. |
|
| 999 |
_c74261 _d74261 |
||